000 00669nam a2200277Ia 4500
005 20260324112311.0
008 008 260324s9999 xx 000 0 eng d
020 _a9781032699622
037 _aEBOOK
040 _aCRL
040 _beng
040 _cCRL
041 _2eng
041 _aeng
084 _qCRL
100 _aChandler L. Classen; Holly Willson Holladay
_91142125
245 0 _aTelevision Sitcom and Cultural Crisis
260 _bTaylor and Francis
260 _c2024
365 _a
365 _b220
856 _uhttp://www.taylorfrancis.com/books/9781032699622
942 _cEBOOK
999 _c1731278
_d1731278